<?xml version="1.0" encoding="UTF-8"?>
<record
    xmlns:xsi="http://www.w3.org/2001/XMLSchema-instance"
    xsi:schemaLocation="http://www.loc.gov/MARC21/slim http://www.loc.gov/standards/marcxml/schema/MARC21slim.xsd"
    xmlns="http://www.loc.gov/MARC21/slim">

  <leader>04757    a2200205   4500</leader>
  <controlfield tag="001">28472</controlfield>
  <controlfield tag="005">20260407155556.0</controlfield>
  <controlfield tag="008">260407a1995    arg                 spa d</controlfield>
  <controlfield tag="003">AR-UNSa-BCEJYS</controlfield>
  <datafield tag="040" ind1=" " ind2=" ">
    <subfield code="a">AR-UNSa-BCEJYS</subfield>
    <subfield code="b">spa</subfield>
    <subfield code="c">AR-UNSa-BCEJYS</subfield>
  </datafield>
  <datafield tag="080" ind1=" " ind2=" ">
    <subfield code="a">342</subfield>
    <subfield code="x">Derecho constitucional (Derecho P&#xFA;blico)</subfield>
  </datafield>
  <datafield tag="245" ind1="1" ind2="0">
    <subfield code="a">Tratado elemental de derecho constitucional argentino</subfield>
  </datafield>
  <datafield tag="264" ind1=" " ind2="1">
    <subfield code="a">Buenos Aires :</subfield>
    <subfield code="b">EDIAR</subfield>
    <subfield code="c">1995</subfield>
  </datafield>
  <datafield tag="300" ind1=" " ind2=" ">
    <subfield code="a">6 v.</subfield>
    <subfield code="c">23 cm.</subfield>
  </datafield>
  <datafield tag="505" ind1=" " ind2=" ">
    <subfield code="a">Vol. I: El derecho constitucional de la libertad: 1. La estructura y el contenido del derecho constitucional - 2. La tipolog&#xED;a de la constituci&#xF3;n - 3. La interpretaci&#xF3;n y la integraci&#xF3;n de la constituci&#xF3;n . 4. La supremac&#xED;a y el control de la constituci&#xF3;n - 5. El poder constituyente - 6. El estado argentino y su encuadre constitucional - 7. La descentralizaci&#xF3;n pol&#xED;tica y el federalismo - 8. La iglesia cat&#xF3;lica, el estado y la libertad religiosa - 9. Las emergencias y los institutos de emergencia - 10. La estructura de los derechos subjetivos y de su declaraci&#xF3;n constitucional - 11. La libertad y la igualdad jur&#xED;dicas - 12. La libertad de expresi&#xF3;n - 13. Otros derechos y libertades enumerados e impl&#xED;citos - 14. El derecho de propiedad - 15. La expropiaci&#xF3;n - 16. La tributaci&#xF3;n y el poder tributario - 17. Los derechos sociales y el trabajo - 18. Los derechos gremiales - 19. La seguridad social - 20. La seguridad jur&#xED;dica y las garant&#xED;as - 21. El h&#xE1;beas corpus y el amparo - 22. La limitaci&#xF3;n y restricci&#xF3;n de los derechos subjetivos - 23. Los efectos del estado de sitio en relaci&#xF3;n con los derechos y garant&#xED;as -- Vol. II: El derecho constitucional del poder: 24. La parte organica - 25. El regimen electoral, los derechos pol&#xED;ticos y las fuerzas pol&#xED;ticas - 26. El congreso - 27. El derecho parlamentario - 28. La competencia del congreso fuera del art. 67 - 29. La competencia del congreso en el art. 67 - 30. La ley - 31. Las competencias privativas de cada c&#xE1;mara - 32. El poder ejecutivo - 33. La competencia del poder ejecutivo - 34. Los &#xF3;rganos dependientes del poder ejecutivo - 35. El "poder" militar - 36. El derecho de los tratados internacionales - 37. El poder judicial - 38. La administraci&#xF3;n de justicia - 39. El derecho judicial - 40. El control y la juridicci&#xF3;n constitucionales - 41. La juridicci&#xF3;n y la competencia de los tribunales federales - 42. La juridicci&#xF3;n y las competencias originarias y exclusivas de la corte suprema - 43. La juridicci&#xF3;n apelada "extraordinaria" de la corte suprema - 44. La juridicci&#xF3;n supraestatal de la corte interamericana de derechos humanos - 45. La docrina de facto -- Vol. III: El derecho internacional de los derechos humanos y la reforma constitucional de 1994: 1. introducci&#xF3;n - 2. Las dos declaraciones internacionales de derecho - 3. Los derechos civiles y pol&#xED;ticos - 4. Los derechos sociales - 5. Los derechos del ni&#xF1;o - 6. Los dem&#xE1;s tratados de materia espec&#xED;fica -- Vol. IV: Sociolog&#xED;a del derecho constitucional: 1. Introducci&#xF3;n a la sociolog&#xED;a del derecho constitucional - 2. Argentina en perspectiva: psicolog&#xED;a, imaginer&#xED;a, representaciones y contexto mesol&#xF3;gico - 3. La sociedad - 4. Ideas, valoraciones y representaciones colectivas - 5. La derecha, la izquierda y los liberalismos - 6. La sociedad y la politica - 7. El sistema electoral y el sistema de partidos - 8. La econom&#xEC;a - 9. Las fuerzas armadas - 10. Los derechos humanos - 11. El poder - 12. El federalismo -- Vol. V: El sistema de derechos y el constitucionalismo provincial: 1. El problema del sistema de derechos en nuestra estructura federal - 2. La posible ampliaci&#xF3;n del plexo de derechos en el constitucionalismo provincial - 3. Las teor&#xED;as sobre la competencia - 4. Las leyes reglamentarias de derechos y los tratados sobre derechos humanos - 5. El sistema econ&#xF3;mico y los derechos conexos - 6. Las declaraciones de derechos en las constituciones de provincia - 7. La opci&#xF3;n de preferencia por la fuente m&#xE1;s favorable al sistema de derechos -8. Los derechos frente a los particulares como sujeto pasivo - 9. Una sintes&#xED;s conclusiva sobre el reparto de competencias -- Vol. VI: La reforma constitucional de 1994: 1. La reforma y su tr&#xE1;mite - 2. El panorama normativo - 3. El desarrollo infraconstitucional de la reforma y sus problemas - 4. El sistema de derechos - 5. Los derechos "nuevos" - 6. Las garant&#xED;as "nuevas" - 7. El congreso - 8. El art&#xED;culo 75 y las competencias del congreso - 9. El poder ejecutivo - 10. Los &#xF3;rganos de control - 11. El consejo de la magistratura - 12. Los nuevos matices del federalismo - 13. El derecho de los tratados internacionales</subfield>
  </datafield>
  <datafield tag="041" ind1=" " ind2=" ">
    <subfield code="a">spa</subfield>
  </datafield>
  <datafield tag="942" ind1=" " ind2=" ">
    <subfield code="c">BK</subfield>
  </datafield>
  <datafield tag="590" ind1=" " ind2=" ">
    <subfield code="a">niveau_biblio:m niveau_hierar:0</subfield>
  </datafield>
  <datafield tag="100" ind1="1" ind2=" ">
    <subfield code="a">Bidart Campos, German J.</subfield>
  </datafield>
  <datafield tag="999" ind1=" " ind2=" ">
    <subfield code="c">1720</subfield>
    <subfield code="d">1720</subfield>
  </datafield>
  <datafield tag="952" ind1=" " ind2=" ">
    <subfield code="0">0</subfield>
    <subfield code="1">0</subfield>
    <subfield code="4">0</subfield>
    <subfield code="7">0</subfield>
    <subfield code="a">BCEJYS</subfield>
    <subfield code="b">BCEJYS</subfield>
    <subfield code="c">16</subfield>
    <subfield code="d">2026-04-07</subfield>
    <subfield code="l">0</subfield>
    <subfield code="o">342 B584t/95 v.6</subfield>
    <subfield code="p">L69833</subfield>
    <subfield code="r">2026-04-07 15:55:56</subfield>
    <subfield code="w">2026-04-07</subfield>
    <subfield code="y">L</subfield>
  </datafield>
  <datafield tag="952" ind1=" " ind2=" ">
    <subfield code="0">0</subfield>
    <subfield code="1">0</subfield>
    <subfield code="4">0</subfield>
    <subfield code="7">0</subfield>
    <subfield code="a">BCEJYS</subfield>
    <subfield code="b">BCEJYS</subfield>
    <subfield code="c">16</subfield>
    <subfield code="d">2026-04-07</subfield>
    <subfield code="l">0</subfield>
    <subfield code="o">342 B584t/95 v.5</subfield>
    <subfield code="p">L69832</subfield>
    <subfield code="r">2026-04-07 15:55:56</subfield>
    <subfield code="w">2026-04-07</subfield>
    <subfield code="y">L</subfield>
  </datafield>
  <datafield tag="952" ind1=" " ind2=" ">
    <subfield code="0">0</subfield>
    <subfield code="1">0</subfield>
    <subfield code="4">0</subfield>
    <subfield code="7">0</subfield>
    <subfield code="a">BCEJYS</subfield>
    <subfield code="b">BCEJYS</subfield>
    <subfield code="c">16</subfield>
    <subfield code="d">2026-04-07</subfield>
    <subfield code="l">0</subfield>
    <subfield code="o">342 B584t/95 v.4</subfield>
    <subfield code="p">L69831</subfield>
    <subfield code="r">2026-04-07 15:55:56</subfield>
    <subfield code="w">2026-04-07</subfield>
    <subfield code="y">L</subfield>
  </datafield>
  <datafield tag="952" ind1=" " ind2=" ">
    <subfield code="0">0</subfield>
    <subfield code="1">0</subfield>
    <subfield code="4">0</subfield>
    <subfield code="7">0</subfield>
    <subfield code="a">BCEJYS</subfield>
    <subfield code="b">BCEJYS</subfield>
    <subfield code="c">16</subfield>
    <subfield code="d">2026-04-07</subfield>
    <subfield code="l">0</subfield>
    <subfield code="o">342 B584t/95 v.3</subfield>
    <subfield code="p">L69830</subfield>
    <subfield code="r">2026-04-07 15:55:56</subfield>
    <subfield code="w">2026-04-07</subfield>
    <subfield code="y">L</subfield>
  </datafield>
  <datafield tag="952" ind1=" " ind2=" ">
    <subfield code="0">0</subfield>
    <subfield code="1">0</subfield>
    <subfield code="4">0</subfield>
    <subfield code="7">0</subfield>
    <subfield code="a">BCEJYS</subfield>
    <subfield code="b">BCEJYS</subfield>
    <subfield code="c">16</subfield>
    <subfield code="d">2026-04-07</subfield>
    <subfield code="l">0</subfield>
    <subfield code="o">342 B584t/95 v.2</subfield>
    <subfield code="p">L69829</subfield>
    <subfield code="r">2026-04-07 15:55:56</subfield>
    <subfield code="w">2026-04-07</subfield>
    <subfield code="y">L</subfield>
  </datafield>
  <datafield tag="952" ind1=" " ind2=" ">
    <subfield code="0">0</subfield>
    <subfield code="1">0</subfield>
    <subfield code="4">0</subfield>
    <subfield code="7">0</subfield>
    <subfield code="a">BCEJYS</subfield>
    <subfield code="b">BCEJYS</subfield>
    <subfield code="c">16</subfield>
    <subfield code="d">2026-04-07</subfield>
    <subfield code="l">0</subfield>
    <subfield code="o">342 B584t/95 v.1</subfield>
    <subfield code="p">L69571</subfield>
    <subfield code="r">2026-04-07 15:55:56</subfield>
    <subfield code="w">2026-04-07</subfield>
    <subfield code="y">L</subfield>
  </datafield>
</record>
